00658cam a22002052a 450000100060000000300080000600500170001400800410003103500190007204000370009104100130012808200300014110000200017124501210019126000440031230000410035650400200039765000190041765000160043630648BD-RjUl20211209051609.0140410t1954 enka 001 0 eng d a(BD-RjUL)30735 aMBBcMBBdUKMdBD-RjULdEQObeng1 aenghger04a290.1313464218bNEO 19541 aNeumann, Erich.14aThe origins and history of consciousness /cwith a foreword by C.G. Jung ; translated from the German by R.F.C. Hull aLondon :bRoutledge and K. Paul,c1954. axxiv, 493 p. :bfront. ill. ;c23 cm aincludes index. 0aConsciousness. 0aPersonality